000 13111 a2200709 4500
005 20100515140619.0
010 _aBPPD-H224
020 _c190.00
_a9788183481878
035 _aB-406505
035 _aB-415920-960
037 _bDBAD/VEN/सुरेन्द्र कुमार एंड संस
082 _a320.454
100 _aवीरेन्द्र सिंह
_923617
245 _aसामान्य अध्ययन भारतीय राजव्यवस्था संसदीय कार्य प्रणाली के साथ /
_bवीरेन्द्र सिंह
260 _aमेरठ
_bअरिहन्त पब्लिकेशन्स (इंडिया) प्रा.लि.
_cव.अ.
270 _aकालिन्दी ट्रांसपोर्ट नगर
_bमेरठ
_c( उ.प्र.)
_e250002
300 _a334पृ
_c25 सेमी (अजिल्द)
942 _adpl
_cHN
_2ddc
_h320.454
_mवीरेन्द्र
999 _c12243
_d12243